Statistiques concernant Géographie par lettre - Y

Cliquez ici pour prendre le quiz!

Statistiques générales

  • Ce quiz a été pris 5,744 fois
  • Le résultat moyen est 11 sur 20

Statistiques - réponses

allusion réponse % Correct
Pays arabe actuellement attaqué par l'Arabie SaouditeYémen
99%
Monnaie du Japonyen
93%
Pays qui a éclaté en plusieurs morceaux en 1991Yougoslavie
85%
Discipline d'étirement indienyoga
77%
Tente ronde portable d'Asie centraleyourte
72%
Où Churchill, Staline et Roosevelt se sont rencontrés en CriméeYalta
69%
Département français (sa capitale est Auxerre)
et rivière
Yonne
67%
Premier parc national du monde, aux États-UnisYellowstone
58%
La deuxième plus grande ville du CamerounYaoundé
56%
Péninsule du sud-est du MexiqueYucatán
54%
Ville du nord de l'AngleterreYork
53%
Épeler correctement la capitale de la Côte d'IvoireYamoussoukro
50%
Dialecte juif de l'Europe de l'estYiddish
45%
Le plus long fleuve de ChineYangzi Jiang
42%
Territoire canadien, pop 38 000, mais plus grand que la SuèdeYukon
32%
Ville belge, site d'une bataille de la première guerre mondialeYpres
30%
Jour juif de l'expiationYom Kippour
27%
Ville, pop 3,7 mm, juste au sud de TokyoYokohama
27%
Ville thermale suisse{Yverdon}-les-Bains
16%
Rangoun a été renommé en 1989Yangon
15%

Distribution des résultats

Percentile par nombre de réponses

% des personnes avec chaque résultat

Votre développement - résultats

Vous n’avez pas pris ce quiz